Attein: Upper intermediate; workbook
Na minha lista:
| Autor principal: | |
|---|---|
| Formato: | Livro |
| Idioma: | Undetermined |
| Publicado em: |
Oxford
Oxford University Press
2003
|
| Tags: |
Adicionar Tag
Sem tags, seja o primeiro a adicionar uma tag!
|
| Thư viện lưu trữ: | Trung tâm Học liệu Trường Đại học Cần Thơ |
|---|
| LEADER | 00423nam a2200157Ia 4500 | ||
|---|---|---|---|
| 001 | CTU_65291 | ||
| 008 | 210402s9999 xx 000 0 und d | ||
| 020 | |b 144000 | ||
| 082 | |a 428.34 | ||
| 082 | |b F171ut | ||
| 100 | |a Andrew Fairhurst | ||
| 245 | 0 | |a Attein: Upper intermediate; workbook | |
| 260 | |a Oxford | ||
| 260 | |b Oxford University Press | ||
| 260 | |c 2003 | ||
| 980 | |a Trung tâm Học liệu Trường Đại học Cần Thơ | ||